00837nam a2200229 a 450000100100000000500170001000800410002704000250006810000250009324000310011824500850014926000300023430000220026449000340028649000230032050400320034370000360037583000410041183000330045295201050048599900170059000004283020201002040429.0140210s1968 sp 000 0 spa d aDO-SdBNPbspacBNPHU1 aFabbri, Luigi97019710aI comunisti e la religione14aLos Comunistas y la Religión /cLuigi Fabbri ; traducción Antonio Álvarez. aMadrid :bEdicusa,c1968. a216 p., ;c16 cm.1 aCuaderno pala el diálogov11 aReligión y mundo aBibliografía : p. 213-2161 aÁlvarez, Antonio,etr.970198 0aCuaderno pala el diálogov1970199 0aReligión y mundov1970200 001050718MOaGRbGRcCTd2014-02-10iLF1l0o p42830-10r2020-06-25w2020-06-25y1ZNo se presta c42319d42319